Ríos de vida /
Guardado en:
| Autor Principal: | |
|---|---|
| Formato: | Libro |
| Publicado: |
Buenos Aires :
Ministerio de Educación,
2009
|
| Series: | Colección las ciencias naturales y la matemática / dirigida por Juan Manuel Kirschenbaum
|
| Materias: | |
| Etiquetas: |
Agregar Etiqueta
Sin Etiquetas, Sea el primero en etiquetar este registro!
|
| LEADER | 01276nam a22002895a 4500 | ||
|---|---|---|---|
| 001 | CEM.cems013348 | ||
| 008 | 130507s2009##################000#0#####d | ||
| 005 | 20211216160943.0 | ||
| 003 | CEMS | ||
| 245 | 1 | 0 | |a Ríos de vida / |c María Del Carmen Tortorelli |
| 260 | |a Buenos Aires : |b Ministerio de Educación, |c 2009 | ||
| 300 | |a 216 p. | ||
| 490 | 0 | |a Colección las ciencias naturales y la matemática / dirigida por Juan Manuel Kirschenbaum | |
| 505 | 0 | |a Cuerpos de agua superficiales: ríos y arroyos -- Los ríos modelan el paisaje -- La química del agua -- La evaluación de la calidad de agua -- Remediación y restauración | |
| 020 | |a 9789500007047 | ||
| 100 | 1 | |a Tortorelli, María del Carmen | |
| 082 | 0 | 4 | |a 574.5 |
| 653 | |a Agua | ||
| 653 | |a Calidad del agua | ||
| 653 | |a Agua-contaminación | ||
| 653 | |a Contaminacion del agua | ||
| 859 | |a CEMS |b BIB. CEMS - 11 de abril |h 574.5 |i T638 |p 25853.10 |t Ej.1 | ||
| 859 | |a CEMS |b BIB. CEMS - Agricultura |h 546.22 |i T38 |p A1128.10 |t Ej.1 | ||
| 859 | |a CEMS |b BIB. CEMS - Agricultura |h 546.22 |i T38 |p A1129.10 |t Ej.2 | ||
| 859 | |a CEMS |b BIB. CEMS - Agricultura |h 546.22 |i T38 |p A1130.10 |t Ej.3 | ||
| 859 | |a CEMS |b BIB. CEMS - Agricultura |h 546.22 |i T38 |p A1131.10 |t Ej.4 | ||
| 859 | |a CEMS |b BIB. CEMS - Agricultura |h 546.22 |i T38 |p A1132.10 |t Ej.5 | ||
